Aplikácia pre správu výdavkov s použitím OCR pre mobilnú platformu Android

Na minha lista:
Detalhes bibliográficos
Autor principal: Köplinger, Michal (Author)
Outros Autores: Sýs, Marek (Thesis advisor)
Formato: Manuscrito Livro
Idioma:eslovaco
Publicado em: 2018
Assuntos:
Acesso em linha:http://is.stuba.sk/zp/portal_zp.pl?podrobnosti=116052
Tags: Adicionar Tag
Sem tags, seja o primeiro a adicionar uma tag!

MARC

LEADER 00000ntm a22000003a 4500
001 stuzp61756
003 SK-STU
005 20181128123101.3
007 ta
008 150427s2015----xo-----f-mn---000-0-slo-d
040 |a STU  |b slo 
041 0 |a slo 
044 |a xo 
100 1 |a Köplinger, Michal  |u 035000  |4 aut  |U FEI Fakulta elektrotechniky a informatiky  |T FEI Ústav informatiky a matematiky  |X 74723  |U E050  |Y 816  |7 74723 
242 0 1 |a Application for expenditure management using OCR for Android mobile platform  |y eng 
245 1 0 |a Aplikácia pre správu výdavkov s použitím OCR pre mobilnú platformu Android 
260 |c 2018 
300 |a 48 s.,  |b DVD 
650 4 |a Tesseract  |2 eng 
650 4 |a Android  |2 eng 
650 4 |a OCR  |2 eng 
650 4 |a Tesseract  |2 slo 
650 4 |a Android  |2 slo 
650 4 |a OCR  |2 slo 
700 1 |a Sýs, Marek  |u 035000  |k Z8  |4 ths  |U FEI Fakulta elektrotechniky a informatiky  |T FEI Ústav informatiky a matematiky  |X 42580  |U E050  |Y 816  |7 A000042580 
856 4 |u http://is.stuba.sk/zp/portal_zp.pl?podrobnosti=116052 
996 |b 284ER02778  |c E*Bc- 2778  |l EE35  |s P  |a 0  |w stuzp61756_0001